000 00894nam a2200277Ia 4500
003 GCL
008 140319s9999 xx 000 0 ara d
040 _aGCL /
_cGCL
082 0 4 _a330.251
_bم ا
100 1 _aمحمد عبداللطيف صالح الفرفور
245 1 0 _aابحاث فى الاقتصاد المعاصر دراسة مقارنة بالفقة الاسلامى /
_cمحمد عبداللطيف صالح الفرفور
260 _a[S.N] :
_bدار المعرفة ،
_c1991
300 _a202 ص
490 _a
650 0 4 _aالاقتصاد
650 0 4 _aالاسلام
650 0 4 _aالزكاة
650 0 4 _aالفقه الاسلامى
650 0 4 _aالنقود
650 0 4 _aالاجتماع
650 0 4 _aالربا
650 0 4 _aالاحتكار
650 0 4 _aالفقه العربى
650 0 4 _aالبناء الاقتصادى
942 _2ddc
_cBK
999 _c28178
_d28178